000 00871cam a22002774a 4500
001 12873574
005 20180308032738.0
008 020726s2002 cau b 001 0 eng
010 _a 2002011717
020 _a1576073491 (hardcover : acidfree paper)
035 _a(DNLM)101150914
040 _aDNLM/DLC
_cDLC
_dDLC
041 _aeng
042 _apcc
043 _an-us---
060 1 0 _aW 32.5 AA1
_bC976h 2002
080 _a344.7304194 lyn
082 0 0 _a344.7304194 lyn
_221
100 1 _a48
101 _apsi
245 1 4 _aThe human body on trial :
_cLynne Curry.
504 _aIncludes bibliographical references (p. 221-225) and index.
906 _a7
_bcbc
_corignew
_d1
_eecip
_f20
_gy-gencatlg
942 _2ddc
_cBK
999 _c44364
_d44364